Every country with less than 1 million people - Statistics

General Stats
  • This quiz has been taken 118 times
  • The average score is 33 of 40
Answer Stats
Population Answer % Correct
78,014 Andorra
96%
33,121 San Marino
96%
46,204 St Kitts and Nevis
93%
801 Vatican City
93%
576,200 Luxembourg
92%
54,880 Marshall Islands
92%
869,458 Fiji
91%
37,686 Liechtenstein
91%
429,344 Malta
91%
10,084 Nauru
91%
38,400 Monaco
90%
344,023 Maldives
89%
93,144 Seychelles
89%
10,640 Tuvalu
89%
285,000 Barbados
88%
113,400 Kiribati
88%
194,899 Samoa
88%
102,800 Federated States of Micronesia
87%
17,950 Palau
87%
642,000 Solomon Islands
87%
109,991 St.Vincent and the Grenadines
87%
103,252 Tonga
87%
277,500 Vanuatu
87%
86,295 Antigua And Barbuda
86%
378,040 Bahamas
86%
103,328 Grenada
86%
806,153 Comoros
84%
338,450 Iceland
84%
186,000 St.Lucia
84%
71,293 Dominica
80%
531,239 Cape Verde
77%
380,010 Belize
76%
417,200 Brunei
75%
541,638 Suriname
73%
847,000 Cyprus
71%
783,040 Bhutan
70%
746,900 Guyana
70%
900,000 Djibouti
65%
621,810 Montenegro
63%
187,356 Sao Tome And Principe
48%
No matching quizzes found
Score Distribution
Percent of People with Each Score
Percentile by Number Answered
Your Score History
You have not taken this quiz